Economía dirigida y economía de mercado (Registro nro. 5253)
[ vista simple ]
| 000 -LEADER | |
|---|---|
| fixed length control field | 01747 a2200205 4500 |
| 001 - CONTROL NUMBER | |
| control field | 53829 |
| 005 - DATE AND TIME OF LATEST TRANSACTION | |
| control field | 20260407155809.0 |
| 008 - FIXED-LENGTH DATA ELEMENTS--GENERAL INFORMATION | |
| fixed length control field | 260407a1963 arg spa d |
| 003 - CONTROL NUMBER IDENTIFIER | |
| control field | AR-UNSa-BCEJYS |
| 040 ## - CATALOGING SOURCE | |
| Original cataloging agency | AR-UNSa-BCEJYS |
| Language of cataloging | spa |
| Transcribing agency | AR-UNSa-BCEJYS |
| 080 ## - UNIVERSAL DECIMAL CLASSIFICATION NUMBER | |
| Universal Decimal Classification number | 330.342.172 |
| Common auxiliary subdivision | Economía libre. Laissez-faire (Economía de Mercado) |
| 100 1# - MAIN ENTRY--PERSONAL NAME | |
| Personal name | Müller- Armack, Alfred |
| 245 10 - TITLE STATEMENT | |
| Title | Economía dirigida y economía de mercado |
| 264 #1 - PRODUCTION, PUBLICATION, DISTRIBUTION, MANUFACTURE, AND COPYRIGHT NOTICE | |
| Place of production, publication, distribution, manufacture | Madrid : |
| Name of producer, publisher, distributor, manufacturer | Sociedad de Estudios y Publicaciones |
| Date of production, publication, distribution, manufacture, or copyright notice | 1963 |
| 300 ## - PHYSICAL DESCRIPTION | |
| Extent | 230 p. |
| Dimensions | 24 cm. |
| 505 ## - FORMATTED CONTENTS NOTE | |
| Formatted contents note | Primera parte: Comprobación práctica de la economía dirigida - I. Los órdenes económicos a la luz del cambio de la situación histórica - II. Ideales de la economía dirigida - III. La dirección,vista económicamente - IV. Pleno empleo y politíca coyuntural - V. La dirección del comercio exterior - VI. La consolidación del progreso técnico - VII. Su eficacia en la economía de guerra - VIII. Balance de la dirección - Segunda parte: Economía social de mercado - I. El problema fundamental de la política económica actual - II. El sentido de la economía de mercado - III. Contribución al juicio de la economía liberal - IV. Necesidad de una nueva forma político-económica - V. Principios de una economía de mercado orientada - VI. Política de la competencia - VII. Política de precios - VIII. Configuración de la estructura económica - IX. Política social - X. Ordenación de la economía de la construccióm y de la vivienda - XI. Influencia de la estructura industrial - XII. Política comercial exterior - XIII. Política monetaria,crediticia y coyuntural - XIV. Conclusión |
| 590 ## - LOCAL NOTE (RLIN) | |
| Local note | niveau_biblio:m niveau_hierar:0 |
| 700 1# - ADDED ENTRY--PERSONAL NAME | |
| Personal name | Hernández Esteve, Esteban |
| 942 ## - ADDED ENTRY ELEMENTS (KOHA) | |
| Koha item type | |
| Withdrawn status | Lost status | Damaged status | Not for loan | Home library | Current library | Shelving location | Date acquired | Total checkouts | Full call number | Barcode | Date last seen | Price effective from | Koha item type |
|---|---|---|---|---|---|---|---|---|---|---|---|---|---|
| Biblioteca Prof. Eusebio Cleto del Rey | Biblioteca Prof. Eusebio Cleto del Rey | 07/04/2026 | 330.342.172 M958 | L23884 | 07/04/2026 | 07/04/2026 | Libro |